01423nam a2200289 a 450000100100000000500170001000800410002702000210006802000210008904000250011010000410013524502710017626000720044730000400051949000300055950000340058950400330062350500400065670000300069670000420072670000370076871000600080583000390086595201060090495201060101099900170111600004124420201002034726.0130930s2001 sp 001 0 spa d a8400080165 (v.1) a8400080157 (v.2) aDO-SdBNPbspacBNPHU1 aGarcía-Bellido, María Paz96783010aDiccionario de cecas y pueblos hispánicos :bcon una introducción a la numismática antigua de la Península Ibérica /cPaz García-Bellido y Cruces Blázquez ; con la colaboración de José Antonio Matador, Encarnación González e Isabel Rodríguez. aMadrid :bConsejo Superior de Investigaciones Científicas,c2001. av. :bil., gráf., mapas ;c28 cm.1 aTextos universitariosv35 aLa biblioteca posee el v. 1-2 aBibliografía: p. 210 - 2340 gv. 2tCatálogo de Cecas y pueblos1 aBlázquez, Cruces9678311 aMatador, José Antonioecool.9678321 aGozzález, Encarnación9678332 aConsejo Superior de Investigaciones Científicas94786 0aTextos universitarios ;n30967487 0010507-18MOaGRbGRcOId2013-09-27iLF1l0o p41244-10r2020-06-25w2020-06-25y1ZNo se presta 0010507-18MOaGRbGRcOId2013-09-27iLF1l0o p41244-20r2020-06-25w2020-06-25y1ZNo se presta c40734d40734